| 000 | 00369nam a2200145Ia 4500 | ||
|---|---|---|---|
| 005 | 20251222152031.0 | ||
| 008 | 251222s9999||||xx |||||||||||||| ||spa|| | ||
| 020 | _a9788484763567 | ||
| 082 | _a631.86/C15 | ||
| 100 | _aCadahía López, Carlos | ||
| 245 | 0 | _aLa savia como índice de fertilización | |
| 250 | _a1ra.ed. | ||
| 264 | _bPearson Educación | ||
| 942 | _cLIB | ||
| 999 |
_c25673 _d25673 |
||